00901nam a2200241 u 450000100070000000500170000700800410002403500110006504000130007604100080008908000070009711000440010424501170014826000540026530000140031952001720033365000450050565000120055065000130056265000130057565000240058865000470061220813620260506081304.0980616s1998 spa  a208136 ccomduadb aspa aSS20aInstituto de Seguros Sociales4auteaut10aAcuerdo 180 de 1998 : por el cual se aprueba el "Manual de tarifas" para la compra y venta de servicios de salud aBogotá :bInstituto de Seguros Sociales,c1998. a184 hojas3 a Este acuerdo es derogado por el Acuerdo expedido el 28 de abril de 1999, se encuentra en medio magnetico en el Centro de Documentacion de Seguridad Social bajo SS1144 aInstituto de Seguros Sociales (Colombia) aTarifas aManuales aAcuerdos aAcuerdo 180 de 1998 aND-703 Administración general y de salud